| 000 -GUIDE |
| Champ de contrôle de longueur fixe |
01249nam a22002417a 4500 |
| 003 - IDENTITÉ DU NUMÉRO DE CONTRÔLE |
| Champ de contrôle |
BI-BuBU |
| 008 - ÉLÉMENTS DE LONGUEUR FIXE - RENSEIGNEMENTS GÉNÉRAUX |
| Champ de contrôle de longueur fixe |
260319b2026 fr fr|||| 000 0 fre d |
| 037 ## - SOURCE D'ACQUISITION |
| Source d'acquisition et du numéro d'inventaire |
Don de l'auteur |
| 039 ## - NIVEAU DE CONTRÔLE BIBLIOGRAPHIQUE ET HISTORIQUE D'ENCODAGE [OBSOLETE] |
| Date creation |
20260319133133.0 |
| Nom catalographe |
Thacien Mutabazi |
| 040 ## - SOURCE DU CATALOGAGE |
| Organisme qui a effectué le catalogage original |
BI-BuBU |
| Code de la langue utilisée dans le catalogage |
fre |
| Organisme qui a effectué la transcription |
BI-BuBU |
| Organisme qui a effectué la modification |
BI-BuBU |
| 041 0# - CODE DE LANGUE |
| Code de langue du texte/de la piste sonore ou du titre distinct |
fre |
| 080 ## - INDICE DE LA CLASSIFICATION DÉCIMALE UNIVERSELLE (CDU) |
| Indice de la Classification décimale universelle |
637.56 |
| 100 1# - VEDETTE PRINCIPALE - NOM DE PERSONNE |
| Code de relation |
aut. |
| Nom de personne |
Niyoyankunze, Augustin |
| 245 10 - MENTION DU TITRE |
| Titre |
Contribution à l'étude de la composition nutritionnelle des poissons du lac Tanganyika (côté Burundi) |
| Reste du titre |
cas du luciolates stappersii (Mukeke) et du trematocara marginatum (Iseza) |
| Mention de responsabilité, etc. |
Augustin Niyoyankunze ; Jonathan Niyukuri |
| 260 ## - PUBLICATION, DIFFUSION, ETC. (ADRESSE BIBLIOGRAPHIQUE) |
| Lieu de publication, diffusion, etc. |
Bujumbura |
| Nom de l'éditeur, diffuseur, etc. |
Université du Burundi, Faculté d'Agronomie et de Bio-Ingéniérie |
| Date of publication, distribution, etc |
2025 |
| 300 ## - DESCRIPTION MATÉRIELLE |
| Collation |
XI-53. f. |
| Dimensions |
30 cm. |
| 502 ## - NOTE DE THÈSE OU MÉMOIRE |
| Note de thèse |
Mémoire présenté et défendu publiquement en vue de l'obtention d'un diplôme de master en sciences et technologie des aliments.<br/>Spécialité : Gestion de la qualioté des produits agro-alimentaires. |
| 650 #7 - VEDETTE-MATIÈRE - NOM COMMUN |
| Source du terme |
BI-BuBU |
| Vedette de sujet ou vedette comportant un nom géographique |
Poisson (Mukeke) |
| Subdivision générale |
Composition nutritionnelle |
| Subdivision géographique |
Lac Tanganyika (côté Burundi) |
| 650 #7 - VEDETTE-MATIÈRE - NOM COMMUN |
| Source du terme |
BI-BuBU |
| Vedette de sujet ou vedette comportant un nom géographique |
Poisson (Iseza) |
| Subdivision générale |
Composition nutritionnelle |
| Subdivision chronologique |
Lac Tanganyika (côté Burundi) |
| 655 #7 - TERME D'INDEXATION - GENRE OU FORME |
| Source du terme |
BI-BuBU |
| Données ou terme dominant sur le genre ou la forme |
Mémoire |
| 700 1# - VEDETTE SECONDAIRE - NOM DE PERSONNE |
| Code de relation |
dir. |
| Nom d'auteur |
Niyukuri, Jonathan |
| 942 ## - ÉLÉMENTS D'ENTRÉE ADDITIONNELLE (KOHA) |
| Source de la classification ou du système de rangement |
|
| Type d item koha |
Memoire |